[Event "Sinquefield Cup 2025"]
[Site "Saint Louis"]
[Date "22.08.2025"]
[Round "5"]
[White "Firouzja, Alireza"]
[Black "Aronian, Levon"]
[Result "1/2-1/2"]
[WhiteElo "2766"]
[BlackElo "2737"]
[EventDate "2025.08.16"]

1. e4 e6 2. d4 d5 3. Nc3 Nf6 4. e5 Nfd7 5. Nce2 c5 6. c3 Nc6 7. Nf3 Be7 8.
a3 O-O 9. Nf4 Qa5 10. b4 cxb4 11. Bd3 bxc3 12. Qc2 b6 13. Bxh7+ Kh8 14. O-O
Ba6 15. Re1 Rfc8 16. Bg6 fxg6 17. Qxg6 Nf8 18. Qg4 Rc7 19. Nxe6 Nxe6 20.
Qh3+ Kg8 21. Qxe6+ Kh8 22. Qh3+ Kg8 23. Qe6+ Kh8 24. Qh3+ Kg8 25. Qe6+
1/2-1/2

[Event "Sinquefield Cup 2025"]
[Site "Saint Louis"]
[Date "22.08.2025"]
[Round "5"]
[White "Vachier-Lagrave, Maxime"]
[Black "Praggnanandhaa, Rameshbabu"]
[Result "1/2-1/2"]
[WhiteElo "2736"]
[BlackElo "2779"]
[EventDate "2025.08.16"]

1. e4 c5 2. Nf3 Nc6 3. Bb5 g6 4. O-O Bg7 5. Re1 e5 6. Bxc6 dxc6 7. d3 Qe7
8. a3 Nf6 9. b4 O-O 10. bxc5 Qxc5 11. a4 Rd8 12. Nbd2 Qe7 13. Nc4 Ne8 14.
Qd2 f6 15. Ba3 Qf7 16. Qc3 Be6 17. Rab1 Bxc4 18. dxc4 Nd6 19. c5 Nc4 20.
Bc1 a5 21. h4 h5 22. Rb3 Rd7 23. Nd2 Rd4 24. Nf3 Rd7 25. Nd2 Rd4 26. Nf3
Rd7 1/2-1/2

[Event "Sinquefield Cup 2025"]
[Site "Saint Louis"]
[Date "24.08.2025"]
[Round "6"]
[White "Abdusattorov, Nodirbek"]
[Black "Vachier-Lagrave, Maxime"]
[Result "1/2-1/2"]
[WhiteTitle "GM"]
[BlackTitle "GM"]
[WhiteElo "2771"]
[BlackElo "2736"]
[WhiteFideId "14204118"]
[BlackFideId "623539"]
[EventDate "2025.08.18"]

1. c4 e5 2. Nc3 Bb4 3. Nd5 Be7 4. Nf3 d6 5. g3 Nf6 6. Nc3 c5 7. Bg2 Nc6 8. O-O
Be6 9. d3 h6 10. e4 Qd7 11. Nd5 Rb8 12. a4 Bh3 13. Bd2 b6 14. Nc7+ Kf8 15. Nd5
a5 16. Ne1 Nxd5 17. cxd5 Nd4 18. Bxh3 Qxh3 19. Be3 h5 20. Bxd4 exd4 21. f4 f5
22. Nf3 h4 23. gxh4 Bxh4 24. b3 Re8 25. e5 g5 26. fxg5 Bxg5 27. exd6 Be3+ 28.
Kh1 Rd8 29. Qe2 Rxd6 30. Ng1 Qh5 31. Qxh5 Rxh5 32. Ra2 Rxd5 33. Nf3 Kf7 34. h4
Rd8 35. Rg2 Kf6 36. Kh2 Bf4+ 37. Kh3 Re8 38. Re1 Rxh4+ 39. Nxh4 Rxe1 40. Rg6+
Kf7 41. Kg2 Re2+ 42. Kf3 Rh2 43. Kxf4 Rxh4+ 44. Kxf5 Rh5+ 45. Rg5 Rh3 46. Rg6
Rf3+ 47. Kg4 Kxg6 48. Kxf3 Kg5 49. Kg3 Kf5 50. Kf3 Ke5 51. Kg4 Kd6 52. Kf3 Kc7
53. Ke4 Kd6 54. Kf3 b5 55. axb5 Kc7 56. Ke2 Kb6 57. Kd2 Kxb5 58. Kc1 Kc6 59. Kc2
Kd6 60. Kd2 Ke6 61. Ke2 Ke5 62. Ke1 Kf5 63. Kf1 Kg5 64. Kg1 Kh4 65. Kf2 Kg4 66.
Kg2 Kf5 67. Kf1 Ke6 68. Ke2 Kd7 69. Kd1 Kc6 70. Kc2 Kb5 71. Kc1 a4 72. Kb2 axb3
73. Kxb3 Ka6 74. Ka2 Kb7 75. Kb1 Kb6 76. Kb2 Kb5 77. Kb3 Kc6 78. Kc2 Kd5 79. Kd1
c4 80. dxc4+ Kxc4 81. Kc2 d3+ 82. Kd2 Kd4 83. Kd1 Kc3 84. Kc1 d2+ 85. Kd1 Kd3 1/2-1/2

[Event "Sinquefield Cup 2025"]
[Site "Saint Louis"]
[Date "24.08.2025"]
[Round "6"]
[White "Praggnanandhaa, Rameshbabu"]
[Black "Duda, Jan-Krzysztof"]
[Result "1/2-1/2"]
[WhiteTitle "GM"]
[BlackTitle "GM"]
[WhiteElo "2779"]
[BlackElo "2725"]
[WhiteFideId "25059530"]
[BlackFideId "1170546"]
[EventDate "2025.08.18"]

1. e4 c5 2. Nf3 e6 3. c3 Nf6 4. e5 Nd5 5. a3 b6 6. d4 cxd4 7. Nxd4 Bb7 8. Nd2
Nc6 9. Nxc6 Bxc6 10. Nf3 Ne7 11. Bf4 Nf5 12. h4 Be7 13. Bd3 g6 14. Bxf5 gxf5 15.
Nd4 Qc7 16. Qh5 Bf6 17. Nxc6 dxc6 18. O-O-O Bxe5 19. Bxe5 Qxe5 20. Rhe1 Qf6 21.
Rd6 O-O 22. Rxc6 Rac8 23. Rd6 Rxc3+ 24. bxc3 Qxc3+ 25. Kd1 Qa1+ 26. Ke2 Qe5+ 27.
Kf1 Qxd6 28. Qg5+ Kh8 29. Qf6+ Kg8 30. Qg5+ Kh8 31. Qf6+ Kg8 32. Qg5+ 1/2-1/2

[Event "Sinquefield Cup 2025"]
[Site "Saint Louis"]
[Date "24.08.2025"]
[Round "6"]
[White "Sevian, Samuel"]
[Black "Caruana, Fabiano"]
[Result "1/2-1/2"]
[WhiteTitle "GM"]
[BlackTitle "GM"]
[WhiteElo "2683"]
[BlackElo "2784"]
[WhiteFideId "2040506"]
[BlackFideId "2020009"]
[EventDate "2025.08.18"]

1. d4 d5 2. c4 e6 3. Nc3 Nf6 4. cxd5 exd5 5. Bg5 Bb4 6. Nf3 h6 7. Bh4 Bf5 8.
Qa4+ Nc6 9. e3 g5 10. Bg3 O-O 11. Rc1 Ne4 12. Nd2 Bxc3 13. bxc3 Nxd2 14. Kxd2 a6
15. h4 b5 16. Qa3 g4 17. Qc5 Qd7 18. f3 Rfe8 19. Bf4 h5 20. Be2 Rac8 21. e4 dxe4
22. fxg4 Bxg4 23. Qg5+ Kh7 24. Qh6+ Kg8 25. Qg5+ Kh7 26. Qh6+ Kg8 27. Qg5+ Kh7 1/2-1/2

[Event "Sinquefield Cup 2025"]
[Site "Saint Louis"]
[Date "24.08.2025"]
[Round "6"]
[White "Aronian, Levon"]
[Black "So, Wesley"]
[Result "1/2-1/2"]
[WhiteTitle "GM"]
[BlackTitle "GM"]
[WhiteElo "2737"]
[BlackElo "2745"]
[WhiteFideId "13300474"]
[BlackFideId "5202213"]
[EventDate "2025.08.18"]

1. d4 Nf6 2. c4 e6 3. Nc3 d5 4. cxd5 exd5 5. Bg5 Be7 6. e3 h6 7. Bh4 Bg4 8. Nf3
Nbd7 9. h3 Bf5 10. g4 Bh7 11. Bd3 c6 12. Bxh7 Nxh7 13. Bg3 Nhf6 14. Nd2 Bb4 15.
a3 Bxc3 16. bxc3 Qe7 17. a4 h5 18. g5 Ne4 19. Nxe4 Qxe4 20. O-O Nb6 21. Rb1 Qe7
22. h4 O-O 23. Qxh5 Nxa4 24. Be5 Nxc3 25. f4 Nxb1 26. f5 Nd2 27. f6 Qxe5 28.
dxe5 Nxf1 29. fxg7 Kxg7 30. Qh6+ Kg8 31. g6 fxg6 32. Qxg6+ Kh8 33. Qh6+ Kg8 34.
Qg6+ Kh8 35. Qh6+ Kg8 36. Qg6+ 1/2-1/2

[Event "Sinquefield Cup 2025"]
[Site "Saint Louis"]
[Date "25.08.2025"]
[Round "7"]
[White "Caruana, Fabiano"]
[Black "Aronian, Levon"]
[Result "1/2-1/2"]
[WhiteElo "2784"]
[BlackElo "2737"]
[EventDate "2025.08.16"]

1. e4 e6 2. d4 d5 3. Nc3 Nf6 4. e5 Nfd7 5. f4 c5 6. Nf3 Nc6 7. Be3 cxd4 8.
Nxd4 Qb6 9. Qd2 Qxb2 10. Rb1 Qa3 11. Bb5 Nxd4 12. Bxd4 a6 13. Bxd7+ Bxd7
14. Rb3 Qe7 15. Rxb7 Rc8 16. O-O Qd8 17. Qf2 Rxc3 18. Bxc3 Qc8 19. Rb3 Ba4
20. Bd4 Bxb3 21. axb3 Be7 22. f5 exf5 23. Qxf5 O-O 24. Qxc8 Rxc8 25. c3 f6
26. exf6 Bxf6 27. Bxf6 gxf6 28. Rxf6 Rxc3 29. Rxa6 Rxb3 30. Ra7 Rb1+ 31.
Kf2 Rb2+ 32. Kg1 Rb1+ 33. Kf2 Rb2+ 34. Kg1 Rb1+ 1/2-1/2

[Event "Sinquefield Cup 2025"]
[Site "Saint Louis"]
[Date "25.08.2025"]
[Round "7"]
[White "Vachier-Lagrave, Maxime"]
[Black "Sevian, Samuel"]
[Result "1/2-1/2"]
[WhiteElo "2736"]
[BlackElo "2683"]
[EventDate "2025.08.16"]

1. c4 Nf6 2. Nc3 e5 3. Nf3 Nc6 4. g3 d5 5. cxd5 Nxd5 6. Bg2 Nb6 7. O-O Be7
8. a3 O-O 9. b4 Be6 10. Rb1 f6 11. b5 Nd4 12. a4 a5 13. Ne1 Qc8 14. e3 Nf5
15. Qc2 Nd6 16. Ba3 Re8 17. Nd3 Bh3 18. Bxh3 Qxh3 19. f4 Nf7 20. Bxe7 Rxe7
21. Qa2 Kh8 22. Ne4 Rd8 23. Qa3 Red7 24. Nef2 Qh5 25. Rbc1 exf4 26. Nxf4
Qe5 27. Rc2 Ng5 28. d4 Qe8 29. Rfc1 Re7 30. Rc3 Rdd7 31. Kg2 h6 32. Qa2 Ne6
33. Nxe6 Rxe6 34. e4 Rxd4 35. Rxc7 Re7 36. Qa3 Rxc7 37. Rxc7 Rd7 38. Rxd7
Qxd7 39. Qc3 Nxa4 40. Qxa5 Nc5 41. Qb4 Ne6 42. Qc4 Nd4 43. b6 Nc6 44. Nd3
Qd8 45. Nf4 Qd2+ 46. Kh3 Qd7+ 47. Qe6 Qxe6+ 48. Nxe6 Kg8 49. Nc5 Na5 50.
Kg4 Kf7 51. Kh5 Nc4 52. Nxb7 Nxb6 53. Nd6+ Ke6 54. Nf5 Kf7 55. Nd6+ Ke6 56.
Nf5 Kf7 57. Nd6+ 1/2-1/2

[Event "Sinquefield Cup 2025"]
[Site "Saint Louis"]
[Date "25.08.2025"]
[Round "7"]
[White "So, Wesley"]
[Black "Gukesh, Dommaraju"]
[Result "1-0"]
[WhiteElo "2745"]
[BlackElo "2776"]
[EventDate "2025.08.16"]

1. e4 e5 2. Nf3 Nc6 3. Bb5 Nf6 4. O-O Nxe4 5. Re1 Nd6 6. Nxe5 Be7 7. Bf1
Nxe5 8. Rxe5 O-O 9. Nc3 Bf6 10. Re1 Nf5 11. Nd5 Bh4 12. g3 c6 13. Bh3 Nd4
14. gxh4 cxd5 15. c3 Qxh4 16. Bg2 Nf5 17. d4 d6 18. Bxd5 Be6 19. Bxb7 Rae8
20. Bc6 Re7 21. Bd2 d5 22. Qf3 Qf6 23. Kh1 Qg6 24. Re5 Bc8 25. Bxd5 Rxe5
26. dxe5 Rd8 27. Rg1 Nh4 28. Qf4 Rxd5 29. Rxg6 Nxg6 30. Qe3 h5 31. c4 Rd8
32. f3 h4 33. Kg1 Be6 34. b3 h3 35. Kf2 a6 36. Ke2 Bc8 37. Bb4 f6 38. exf6
gxf6 39. Ba5 1-0

[Event "Sinquefield Cup 2025"]
[Site "Saint Louis"]
[Date "25.08.2025"]
[Round "7"]
[White "Duda, Jan-Krzysztof"]
[Black "Abdusattorov,Nodirbek"]
[Result "1-0"]
[WhiteElo "2725"]
[BlackElo "2771"]
[EventDate "2025.08.16"]

1. e4 e5 2. Nf3 Nc6 3. Nc3 Nf6 4. Bb5 Bd6 5. d3 O-O 6. O-O h6 7. a3 Re8 8.
Be3 Bf8 9. Bc4 d6 10. h3 Be6 11. Bxe6 Rxe6 12. Nd5 Ne7 13. Nxf6+ Rxf6 14.
d4 exd4 15. Nxd4 Ng6 16. c4 c6 17. Ne2 Re6 18. Nc3 Ne5 19. Qe2 g5 20. Rfd1
Qe7 21. b4 Bg7 22. Rac1 Ng6 23. Bd4 Nf4 24. Qe3 f5 25. Bxg7 Qxg7 26. Rd4
Rae8 27. Qd2 fxe4 28. Re1 Qg6 29. Re3 Nh5 30. Qe1 Nf6 31. Qd1 Nd7 32. Nxe4
Rxe4 33. Qd3 d5 34. cxd5 cxd5 35. Rdxe4 dxe4 36. Qxd7 Qf7 37. Qd4 Qa2 38.
Rc3 Qf7 39. Qxa7 Rd8 40. Rc1 Qf4 41. Re1 Rd7 42. Qc5 Kh7 43. Qc2 Rd3 44.
Qc4 Rxa3 45. Qxe4+ Qxe4 46. Rxe4 h5 47. g3 Kg6 48. Re6+ Kf5 49. Rb6 g4 50.
Kg2 Rb3 51. b5 Rd3 52. Rxb7 Kg6 53. Rb6+ Kf5 54. Rh6 Kg5 55. Rc6 Rd5 56.
h4+ Kf5 57. Rh6 1-0

[Event "Sinquefield Cup 2025"]
[Site "Saint Louis"]
[Date "25.08.2025"]
[Round "7"]
[White "Firouzja, Alireza"]
[Black "Praggnanandhaa, Rameshbabu"]
[Result "0-1"]
[WhiteElo "2766"]
[BlackElo "2779"]
[EventDate "2025.08.16"]

1. e4 c5 2. Nf3 Nc6 3. Bb5 g6 4. O-O Bg7 5. c3 e5 6. Bxc6 dxc6 7. d3 Qe7 8.
Nbd2 Nf6 9. a4 O-O 10. Nc4 Ne8 11. Be3 Nc7 12. h3 Rd8 13. Qc2 b6 14. b4
cxb4 15. cxb4 Na6 16. Bd2 Nxb4 17. Bxb4 Qxb4 18. Ncxe5 Qd6 19. d4 c5 20.
Rfd1 Bb7 21. a5 Rac8 22. Qb3 Qc7 23. axb6 axb6 24. Ra7 Bxe5 25. dxe5 Rxd1+
26. Qxd1 c4 27. Qa4 c3 28. Nd4 Rd8 29. e6 fxe6 30. Rxb7 Qxb7 31. Nxe6 Qd7
0-1

[Event "Sinquefield Cup 2025"]
[Site "Saint Louis"]
[Date "26.08.2025"]
[Round "8"]
[White "Abdusattorov, Nodirbek"]
[Black "Firouzja, Alireza"]
[Result "1-0"]
[WhiteElo "2771"]
[BlackElo "2766"]
[EventDate "2025.08.16"]

1. c4 c5 2. g3 g6 3. Bg2 Bg7 4. Nc3 Nc6 5. Nf3 d6 6. O-O Nf6 7. d4 O-O 8.
dxc5 dxc5 9. Bf4 Nd4 10. Be5 Nc6 11. Bf4 Nd4 12. Re1 Bf5 13. Nh4 Be6 14.
Bxb7 Bxc4 15. e3 Ne6 16. Be5 Qxd1 17. Rexd1 Rad8 18. Nf3 Bd3 19. Ne1 Bf5
20. a4 Ng5 21. f3 Nd7 22. Bxg7 Kxg7 23. g4 Be6 24. h4 Bb3 25. hxg5 Bxd1 26.
Rxd1 Ne5 27. Ba6 Rxd1 28. Nxd1 Rd8 29. Nf2 Rd6 30. Bb5 a6 31. Be2 Rb6 32.
Nd1 Rb4 33. f4 Nd7 34. Nc2 Rxa4 35. Nc3 Ra5 36. Bc4 f6 37. gxf6+ Nxf6 38.
g5 Ne8 39. Kf2 Nd6 40. Be6 h6 41. gxh6+ Kxh6 42. Kf3 Nb5 43. Ne4 Nd6 44.
Nxd6 exd6 45. Ke4 Rb5 46. b3 Ra5 47. Ne1 Ra1 48. Nd3 a5 49. Bc4 a4 50. bxa4
Rxa4 51. Kd5 g5 52. f5 g4 53. f6 Rxc4 54. Kxc4 Kg6 55. Kd5 Kxf6 56. Nf2 g3
57. Ne4+ Kf5 58. Nxg3+ Kg4 59. Nf1 Kf3 60. Kxd6 1-0

[Event "Sinquefield Cup 2025"]
[Site "Saint Louis"]
[Date "26.08.2025"]
[Round "8"]
[White "Praggnanandhaa, Rameshbabu"]
[Black "So, Wesley"]
[Result "1/2-1/2"]
[WhiteElo "2779"]
[BlackElo "2745"]
[EventDate "2025.08.16"]

1. e4 e5 2. Nf3 Nc6 3. Bc4 Nf6 4. Ng5 d5 5. exd5 Na5 6. Bb5+ c6 7. dxc6
bxc6 8. Bd3 Nd5 9. Nf3 Bd6 10. O-O Nf4 11. Nc3 Nxd3 12. cxd3 O-O 13. Ne4
Bc7 14. Qc2 c5 15. Qxc5 Ba6 16. Re1 Bxd3 17. b3 Re8 18. Ba3 Bb6 19. Qc3
Bxe4 20. Rxe4 Rc8 21. Qb4 Nc6 22. Qd6 Nd4 23. Qxd8 Rexd8 24. Rc1 f6 25. Ne1
Ba5 26. Rxc8 Rxc8 27. b4 Nb5 28. bxa5 Nxa3 29. f4 Nc4 30. fxe5 Nxe5 31. Kf2
Rd8 32. Ke3 Rd5 33. Ra4 Kf7 34. d4 Ng4+ 35. Ke4 Rb5 36. h3 f5+ 37. Kd3 Nf2+
38. Kc4 Rb1 39. Nf3 Ne4 40. Rb4 Nd6+ 41. Kc5 Ne4+ 42. Kc4 Nd6+ 43. Kc5 Ne4+
44. Kc4 Nd6+ 1/2-1/2

[Event "Sinquefield Cup 2025"]
[Site "Saint Louis"]
[Date "26.08.2025"]
[Round "8"]
[White "Sevian, Samuel"]
[Black "Duda, Jan-Krzysztof"]
[Result "1/2-1/2"]
[WhiteElo "2683"]
[BlackElo "2725"]
[EventDate "2025.08.16"]

1. e4 e5 2. Nf3 Nc6 3. Bc4 Bc5 4. c3 Nf6 5. d3 O-O 6. a4 d5 7. exd5 Nxd5 8.
a5 a6 9. O-O Bf5 10. Re1 Nf6 11. Qc2 Re8 12. Nbd2 h6 13. Ne4 Nxe4 14. dxe4
Be6 15. Bxe6 Rxe6 16. b4 Ba7 17. g3 Ne7 18. Be3 Bxe3 19. Rxe3 c5 20. Rd1
Qc7 21. Qd2 Rc8 22. Qd7 Nc6 23. Qxc7 Rxc7 24. Red3 cxb4 25. cxb4 Nxb4 26.
Rd8+ Kh7 27. R8d7 Re7 28. Rxc7 Rxc7 29. Nxe5 f6 30. Rb1 Nc6 31. Nxc6 Rxc6
32. Rxb7 Rc5 33. Kg2 Rxa5 34. g4 h5 35. gxh5 Rg5+ 36. Kf3 Rxh5 37. Ra7 Rxh2
38. Rxa6 Kg6 39. Kg3 Rh1 40. f4 Rg1+ 41. Kf3 Rf1+ 42. Kg3 Rg1+ 43. Kf3 Rf1+
44. Kg3 Rg1+ 1/2-1/2

[Event "Sinquefield Cup 2025"]
[Site "Saint Louis"]
[Date "26.08.2025"]
[Round "8"]
[White "Vachier-Lagrave, Maxime"]
[Black "Caruana, Fabiano"]
[Result "1/2-1/2"]
[WhiteElo "2736"]
[BlackElo "2784"]
[EventDate "2025.08.16"]

1. e4 e5 2. Nf3 Nc6 3. Bb5 a6 4. Ba4 Nf6 5. O-O Bc5 6. c3 O-O 7. d4 Ba7 8.
dxe5 Nxe4 9. Qd5 Nc5 10. Bc2 Ne7 11. Qd1 d5 12. exd6 Qxd6 13. Qxd6 cxd6 14.
Rd1 Bg4 15. Be3 Bxf3 16. gxf3 d5 17. Nd2 Ne6 18. Nb3 g6 19. Rd2 Kg7 20. Re1
Rfd8 21. Kf1 Kf6 22. Red1 Rdc8 23. Nc1 a5 24. Ne2 Bxe3 25. fxe3 Ra6 26. Bd3
Rb6 27. a4 Nc6 28. Bb5 Nc7 29. Nf4 Ne7 30. Bd3 Ne6 31. Ne2 Nc6 32. Bb5 Nc7
33. Nf4 Ne7 34. Bd3 Ne6 35. Ne2 1/2-1/2

[Event "Sinquefield Cup 2025"]
[Site "Saint Louis"]
[Date "26.08.2025"]
[Round "8"]
[White "Gukesh, Dommaraju"]
[Black "Aronian, Levon"]
[Result "1/2-1/2"]
[WhiteElo "2776"]
[BlackElo "2737"]
[EventDate "2025.08.16"]

1. d4 Nf6 2. c4 e6 3. Nf3 b6 4. g3 Ba6 5. b3 d5 6. Bg2 Bb4+ 7. Nbd2 c5 8.
Bb2 Nc6 9. dxc5 bxc5 10. a3 Bxd2+ 11. Nxd2 Rc8 12. b4 dxc4 13. Qa4 Qb6 14.
bxc5 Qb5 15. Qxb5 Bxb5 16. a4 Ba6 17. Rc1 Na5 18. Bc3 Nb3 19. Nxb3 cxb3 20.
c6 Nd5 21. Bxg7 Rg8 22. Be5 f6 23. Bb2 Rg4 24. e4 Nf4 25. Bf3 Nd3+ 26. Kd2
Rg5 27. Bxf6 Nxc1 28. Bxg5 b2 29. Kc2 Rb8 30. Bh5+ Kf8 31. Rxc1 bxc1=Q+ 32.
Bxc1 Rc8 33. Be3 Rxc6+ 34. Kb3 Bd3 35. a5 a6 36. e5 Kg7 37. Bf3 Rc8 38. h4
h6 39. Bd4 Rf8 40. Bg4 Kf7 41. Be3 Rg8 42. Bd1 Rd8 43. Bh5+ Bg6 44. Bf3
Rb8+ 45. Bb6 Bd3 46. Kc3 Bf1 47. h5 Rc8+ 48. Kd2 Rc4 49. Bd1 Re4 50. f4 Rb4
51. Ke3 Bb5 52. Bc2 Kg8 53. g4 Rb2 54. Bg6 Rb3+ 55. Kd2 Rb2+ 56. Kc3 Re2
57. Bd8 Re3+ 58. Kb4 Bd3 59. Kc5 Bxg6 60. hxg6 Rg3 61. Kb6 Rxg4 62. Kxa6
Rxf4 63. Kb5 Kg7 64. a6 Rf8 65. Bh4 Kxg6 66. a7 Kf5 67. Kb6 h5 68. Bf2 Ra8
69. Kb7 Rxa7+ 70. Bxa7 Kxe5 71. Kc6 h4 72. Bf2 h3 73. Bg3+ Ke4 74. Kd6 Kf3
75. Be5 Kg2 76. Kxe6 h2 77. Bxh2 Kxh2 1/2-1/2

[Event "Sinquefield Cup 2025"]
[Site "Saint Louis"]
[Date "27.08.2025"]
[Round "9"]
[White "Duda, Jan-Krzysztof"]
[Black "Vachier-Lagrave, Maxime"]
[Result "1/2-1/2"]
[WhiteElo "2725"]
[BlackElo "2736"]
[EventDate "2025.08.16"]

1. d4 Nf6 2. c4 g6 3. Nc3 d5 4. cxd5 Nxd5 5. e4 Nxc3 6. bxc3 Bg7 7. Nf3 c5
8. Be3 Qa5 9. Nd2 O-O 10. Nb3 Qxc3+ 11. Bd2 Qb2 12. Bc1 Qc3+ 13. Bd2 Qb2
14. Bc1 Qc3+ 15. Bd2 Qb2 1/2-1/2

[Event "Sinquefield Cup 2025"]
[Site "Saint Louis"]
[Date "27.08.2025"]
[Round "9"]
[White "Caruana, Fabiano"]
[Black "Gukesh, Dommaraju"]
[Result "1/2-1/2"]
[WhiteElo "2784"]
[BlackElo "2776"]
[EventDate "2025.08.16"]

1. e4 e5 2. Nf3 Nc6 3. Bc4 Bc5 4. O-O Nf6 5. d3 d6 6. c3 a6 7. a4 Ba7 8. h3
Qe7 9. b4 Be6 10. Nbd2 O-O 11. Re1 Rfe8 12. Qb3 h6 13. Bxe6 Qxe6 14. Qxe6
Rxe6 15. Nb3 Ree8 16. Bd2 b5 17. Rec1 Ne7 18. c4 bxc4 19. Rxc4 d5 20. exd5
Nexd5 21. Re1 Nd7 22. g3 f6 23. Kg2 Red8 24. d4 exd4 25. Nbxd4 Bxd4 26.
Rxd4 Nf8 27. h4 h5 28. Rc4 Rd6 29. Rc5 Kf7 30. Nd4 Nd7 31. Rc2 Nxb4 32.
Bxb4 Rxd4 33. Re7+ Kg6 34. Rxc7 Rxb4 35. Rexd7 Rg8 36. Ra7 Rxa4 37. Rd6 Ra3
38. Rdxa6 Rxa6 39. Rxa6 Re8 40. Ra7 Kh6 41. Ra5 Kg6 42. Ra7 Kh6 43. Ra5 Kg6
44. Ra7 1/2-1/2

[Event "Sinquefield Cup 2025"]
[Site "Saint Louis"]
[Date "27.08.2025"]
[Round "9"]
[White "Aronian, Levon"]
[Black "Praggnanandhaa, Rameshbabu"]
[Result "1/2-1/2"]
[WhiteElo "2737"]
[BlackElo "2779"]
[EventDate "2025.08.16"]

1. e4 e5 2. Nf3 Nc6 3. Nc3 Nf6 4. h3 Bb4 5. Nd5 Nxd5 6. exd5 e4 7. dxc6
exf3 8. Qxf3 dxc6 9. Bc4 O-O 10. O-O Qg5 11. d3 Qf5 12. Qxf5 Bxf5 13. g4
Bd7 14. Bf4 Bd6 15. Bxd6 cxd6 16. d4 Rfe8 17. Rfe1 g5 18. Kg2 Rxe1 19. Rxe1
Re8 20. Rxe8+ Bxe8 21. h4 h6 22. hxg5 hxg5 23. f3 Kf8 24. Kf2 Ke7 25. a3
Bd7 26. Ke3 Bc8 27. Bd3 d5 28. b4 b5 29. Kf2 Bd7 30. Ke3 Bc8 31. Kf2 Bd7
32. Ke3 Bc8 1/2-1/2

[Event "Sinquefield Cup 2025"]
[Site "Saint Louis"]
[Date "27.08.2025"]
[Round "9"]
[White "So, Wes"]
[Black "Abdusattorov, Nodirbek"]
[Result "1-0"]
[WhiteElo "2745"]
[BlackElo "2771"]
[EventDate "2025.08.16"]

1. e4 e5 2. Nf3 Nc6 3. Bc4 Nf6 4. d4 exd4 5. e5 d5 6. Bb5 Nd7 7. O-O Be7 8.
Bxc6 bxc6 9. Nxd4 Nb8 10. Nc3 O-O 11. Qf3 Be6 12. Nce2 Qd7 13. Qg3 Kh8 14.
Nf4 c5 15. Ndxe6 fxe6 16. c4 d4 17. Qh3 Rf5 18. g4 Rf7 19. Nd3 Nc6 20. Bd2
Nb4 21. Bxb4 cxb4 22. f4 Raf8 23. Rf2 a5 24. Raf1 g6 25. Qg2 c5 26. Qe4 Qc8
27. b3 a4 28. bxa4 Qa6 29. Nb2 Bd8 30. Rf3 Be7 31. Kg2 Bd8 32. Kf2 Qa7 33.
Ke2 Qd7 34. Kd1 Qe8 35. Kc2 Re7 36. Kb3 Rff7 37. h4 Rf8 38. Rh1 Rg8 39.
Rfh3 Rf8 40. h5 g5 41. Rf1 Rxf4 42. Rxf4 gxf4 43. Rf3 Rf7 44. Rxf4 Kg8 45.
Rxf7 Qxf7 46. Qc6 Kg7 47. Nd3 Be7 48. Qg2 Qf8 49. Qb7 Kg8 50. Qc6 Qh6 51.
Qe8+ Bf8 52. g5 1-0

[Event "Sinquefield Cup 2025"]
[Site "Saint Louis"]
[Date "27.08.2025"]
[Round "9"]
[White "Firouzja, Alireza"]
[Black "Sevian, Samuel"]
[Result "1/2-1/2"]
[WhiteElo "2766"]
[BlackElo "2683"]
[EventDate "2025.08.16"]

1. e4 e5 2. Nf3 Nc6 3. Nc3 Nf6 4. Bb5 Bb4 5. O-O O-O 6. Bxc6 dxc6 7. Nxe5
Bxc3 8. dxc3 Qxd1 9. Rxd1 Nxe4 10. Bf4 Bf5 11. Nc4 Rfc8 12. Ne3 Be6 13. f3
Nf6 14. c4 Ne8 15. Kf2 Rd8 16. b3 Kf8 17. a4 a5 18. Ke2 Ke7 19. Rxd8 Rxd8
20. Rd1 Rxd1 21. Kxd1 c5 22. Ke2 b6 23. Kd2 Kd7 24. Ke2 Ke7 25. Kd2 Kd7 26.
Ke2 Ke7 1/2-1/2